Inauguració del Museu del Cinema al Palau Güell
Publicado:
San Jorge, núm. 101 - 102 (setembre 1977), pàg 90 :
MARC
| LEADER | 00000nam a2200000Ia 4500 | ||
|---|---|---|---|
| 001 | |||
| 008 | 160829s9999 xx 000 0 cat d | ||
| 245 | |a Inauguració del Museu del Cinema al Palau Güell | ||
| 260 | |a San Jorge, núm. 101 - 102 (setembre 1977), pàg 90 | ||
| 610 | 2 | 0 | |a Palau Güell (Barcelona) |9 17034 |
| 650 | |a Museu del Cinema |9 42911 | ||
| 901 | |a Arxiu | ||
| 942 | |n 1 | ||
| 952 | |0 0 |1 0 |4 0 |7 1 |9 51086 |a Arxiu |b Arxiu |d 2016-12-01 |l 0 |r 2016-12-01 00:00:00 |w 2016-12-01 |y ARXIU | ||
| 999 | |c 54929 |d 54929 | ||